000
00239nam a2200109Ia 4500
005
20251222155143.0
008
251222s9999||||xx |||||||||||||| ||spa||
082
_a
MAN.141
245
0
_a
Ministerio de Salud
264
_b
Minsa
942
_c
LIB
999
_c
39266
_d
39266